| 000 | 00799cam a22002653a 4500 | ||
|---|---|---|---|
| 001 | 318 | ||
| 003 | PGUSA | ||
| 005 | 20140828082946.0 | ||
| 008 | 950801s1995||||xxu|||||s|||||000 | eng d | ||
| 040 |
_aPGUSA _beng |
||
| 042 | _adc | ||
| 050 | 4 | _aPS | |
| 100 | 1 |
_aLondon, Jack, _d1876-1916 |
|
| 245 | 1 | 0 |
_aJohn Barleycorn _h[electronic resource] / _cJack London |
| 260 |
_bProject Gutenberg, _c1995 |
||
| 506 | _aPublic domain in the USA. | ||
| 516 | _aElectronic text | ||
| 653 | _aAuthors, American -- 20th century -- Biography | ||
| 653 | _aDrinking of alcoholic beverages -- United States | ||
| 653 | _aAlcoholics -- United States -- Biography | ||
| 653 | _aLondon, Jack, 1876-1916 | ||
| 830 | 0 |
_aProject Gutenberg _v318 |
|
| 856 | 4 | 0 | _uhttp://www.gutenberg.org/ebooks/318 |
| 942 | _cEB | ||
| 999 |
_c229669 _d229669 |
||